000 00762nam a2200229Ii 4500
003 JO-AjNU
008 230605s9999||||xx |||||||||||||| ||und||
017 _a1980/4886
020 _a977-201-948-5
040 _aJO-AjNU
_bara
_erda
_cJO-AjNU
041 _aara
050 1 4 _aHF5547.5.S9942.1985
100 3 _aحسب الله، سيد,
_eauthor
_940346
245 0 0 _aالسكرتير والاعمال المكتبية:دراسة تطبيقية عن المملكة العربية السعودية
250 _aط3
264 3 1 _aالرياض:دار المريخ للنشر؛1985
300 _a199ص
336 _atext
_btxt
_2rdacontent
337 _aunmediated
_bn
_2rdamedia
338 _avolume
_bnc
_2rdacarrier
650 4 _aالسكرتارية
_940347
999 _aA17114
_c20682
_d20682